| 000 | 01170nam a2200373 i 4500 | ||
|---|---|---|---|
| 999 |
_c2588 _d2588 |
||
| 001 | 022302500 | ||
| 003 | UkOxU | ||
| 005 | 20230724103218.0 | ||
| 008 | 200217s2020 enka 001|0|eng|d | ||
| 020 |
_a9781382005395 _qpaperback |
||
| 035 | _a(Uk)019717751 | ||
| 035 | _a(StEdALDL)1/3915702 | ||
| 040 |
_aStDuBDS _beng _erda _cStDuBDS _dUkOxU _dKH8 |
||
| 049 | _aCROBAR | ||
| 082 | 0 | 4 | _a530 BRE |
| 100 | 1 |
_aBreithaupt, Jim, _eauthor. |
|
| 245 | 1 | 0 |
_aCambridge international AS & A level complete physics / _cJim Breithaupt, Hossam Attya, Camille Pervenche, Jaykishan Sharma. |
| 250 | _aThird edition. | ||
| 264 | 1 |
_aOxford : _bOxford University Press, _c2020. |
|
| 264 | 4 | _c©2020 | |
| 300 |
_axxvii, 430 pages : _billustrations ; _c28 cm |
||
| 336 |
_atext _2rdacontent |
||
| 337 |
_aunmediated _2rdamedia |
||
| 338 |
_avolume _2rdacarrier |
||
| 500 | _aIncludes index. | ||
| 521 | 2 | _aAS. | |
| 521 | 2 | _aA-level. | |
| 650 | 0 |
_aPhysics _xExaminations _vStudy guides. |
|
| 700 | 1 |
_aAttya, Hossam, _eauthor. |
|
| 700 | 1 |
_aPervenche, Camille, _eauthor. |
|
| 700 | 1 |
_aSharma, Jaykishan, _eauthor. |
|
| 700 | 1 |
_aPervenche, Camille, _eauthor. |
|
| 942 |
_2ddc _cTR |
||